| 000 | 00659nam a2200229Ia 4500 | ||
|---|---|---|---|
| 003 | OSt | ||
| 005 | 20220928114419.0 | ||
| 006 | a|||||r|||| 00| 0 | ||
| 007 | ta | ||
| 008 | 220927b |||||||| |||| 00| 0 eng d | ||
| 024 | _a51189 | ||
| 037 | _cTextual | ||
| 040 |
_aSDCL _cSDCL _beng |
||
| 041 |
_2eng _aeng |
||
| 082 | _aV73:24'N6, K8 | ||
| 100 |
_aSundquist James L _9438368 |
||
| 245 | 0 |
_aPolitics and policy _b Eisenhower Kennedy and Johnson years |
|
| 260 |
_aWashington _bThe Brookings Institution _c1968 |
||
| 300 |
_aviii,560p _ccm. |
||
| 942 |
_hV73:24'N6, K8 _cTEXL _2CC |
||
| 999 |
_c754176 _d754176 |
||